Normal view
MARC view
- Hunter, William Gordon,
Entry Personal Name
001 - CONTROL NUMBER
- control field: 96198
003 - CONTROL NUMBER IDENTIFIER
- control field: NUST
005 - DATE AND TIME OF LATEST TRANSACTION
- control field: 20220802074532.0
008 - FIXED-LENGTH DATA ELEMENTS
- fixed length control field: 220802|| aca||aabn | a|a d
040 ## - CATALOGING SOURCE
- Original cataloging agency: NUST
- Transcribing agency: NUST
100 ## - HEADING--PERSONAL NAME
- Personal name: Hunter, William Gordon,
- Dates associated with a name: 1937-
670 ## - SOURCE DATA FOUND
- Source citation: Work cat.: (NUST)175394: Box, George E. P. 96196, Statistics for Experimenters :, c2005.
